[Event "Hanoi HD Bank op-A 8th"]
[Site "Hanoi"]
[Date "2018.03.14"]
[Round "8"]
[White "Jishitha, D."]
[Black "Nguyen, Thi Thanh An"]
[Result "0-1"]
[WhiteElo "2099"]
[BlackElo "2274"]
[PlyCount "50"]
[EventDate "2018.03.10"]
[EventType "swiss"]
[EventRounds "9"]
[EventCountry "VIE"]
[SourceTitle "CBM 183 Extra"]
[Source "ChessBase"]
[SourceDate "2018.04.19"]
[SourceVersion "1"]
[SourceVersionDate "2018.04.19"]
[SourceQuality "1"]

1. c4 g6 2. e4 Bg7 3. d4 Nc6 4. Be3 e5 5. d5 Nd4 6. Bxd4 exd4 7. Bd3 c5 8. f4 d6 9. Nf3 Ne7 10. 0-0 0-0 11. Nbd2 Kh8 12. f5 Ng8 13. g4 Bh6 14. Kh1 Be3 15. Qe1 Qe7 16. Rd1 a6 17. Qh4 g5 18. Qh3 f6 19. Rfe1 Bd7 20. Nf1 Bf4 21. Ng3 Rab8 22. b3 b5 23. Rb1 Rb6 24. Qg2 Rfb8 25. Nh5 Be3 0-1

[Event "Hanoi HD Bank op-A 8th"]
[Site "Hanoi"]
[Date "2018.03.12"]
[Round "5"]
[White "Alfred, Nathan"]
[Black "Jishitha, D."]
[Result "1-0"]
[WhiteElo "2208"]
[BlackElo "2099"]
[PlyCount "59"]
[EventDate "2018.03.10"]
[EventType "swiss"]
[EventRounds "9"]
[EventCountry "VIE"]
[SourceTitle "CBM 183 Extra"]
[Source "ChessBase"]
[SourceDate "2018.04.19"]
[SourceVersion "1"]
[SourceVersionDate "2018.04.19"]
[SourceQuality "1"]

1. d4 d5 2. c4 c6 3. Nf3 Nf6 4. Nc3 e6 5. e3 a6 6. Bd3 dxc4 7. Bxc4 b5 8. Bd3 c5 9. Qe2 Bb7 10. 0-0 Nc6 11. Rd1 Qb6 12. dxc5 Bxc5 13. a3 Rd8 14. b4 Bd6 15. Bb2 Ne5 16. Nxe5 Bxe5 17. Rac1 Bd6 18. Nxb5 Bb8 19. Bd4 Rxd4 20. Nxd4 h5 21. b5 a5 22. Nc6 Bc7 23. Qc2 g5 24. Nxa5 Bxh2+ 25. Kxh2 Qxa5 26. Qc3 Qxc3 27. Rxc3 h4 28. Rc7 Ng4+ 29. Kg1 h3 30. gxh3 1-0

[Event "Mumbai Wealth op 3rd"]
[Site "Mumbai"]
[Date "2018.01.07"]
[Round "9"]
[White "Karthikeyan, Pandian"]
[Black "Jishitha, D."]
[Result "1-0"]
[WhiteElo "2497"]
[BlackElo "2140"]
[PlyCount "133"]
[EventDate "2017.12.30"]
[EventType "swiss"]
[EventRounds "9"]
[EventCountry "IND"]
[SourceTitle "CBM 182 Extra"]
[Source "ChessBase"]
[SourceDate "2018.02.23"]
[SourceVersion "1"]
[SourceVersionDate "2018.02.23"]
[SourceQuality "1"]

1. c4 e5 2. g3 Nf6 3. Bg2 c6 4. Nf3 e4 5. Nd4 d5 6. cxd5 cxd5 7. d3 Bc5 8. Nb3 Bb4+ 9. Bd2 Bxd2+ 10. Qxd2 0-0 11. 0-0 Qe7 12. Nc3 Nc6 13. Rfd1 Bf5 14. Qg5 g6 15. dxe4 dxe4 16. h3 h5 17. Nd4 Nxd4 18. Rxd4 Rad8 19. Nxe4 Bxe4 20. Rxe4 Qd6 21. Re3 b6 22. Qe5 Qxe5 23. Rxe5 Rd2 24. b4 Rc8 25. Bf3 Rcc2 26. a4 Rb2 27. Re7 Rd7 28. Rxd7 Nxd7 29. Rc1 Rxb4 30. Rc7 Nf6 31. Rxa7 b5 32. axb5 Rxb5 33. Kg2 g5 34. e3 g4 35. hxg4 Nxg4 36. Ra2 Kg7 37. Be2 Rc5 38. Bd3 Ne5 39. Be4 Ng4 40. Rb2 Re5 41. Bf3 Rf5 42. Rd2 Nf6 43. Rd4 Ra5 44. Rd2 Rc5 45. Bd1 Rc3 46. Bc2 Ng4 47. Bf5 Nh6 48. Bd7 Ng4 49. Rd4 Ne5 50. Bf5 Kf6 51. Bb1 Ng4 52. Rf4+ Kg7 53. Rf5 Nf6 54. Rb5 Rc1 55. Kf3 Rh1 56. Rb7 Ng8 57. Ba2 Nh6 58. Bd5 Rc1 59. Kf4 Rc5 60. e4 Kg6 61. Rb6+ Kg7 62. Kg5 Ng4 63. Rb7 Kg8 64. f3 Ne5 65. f4 Ng4 66. Kxh5 Nf6+ 67. Kh6 1-0

[Event "Mumbai Wealth op 3rd"]
[Site "Mumbai"]
[Date "2018.01.06"]
[Round "8"]
[White "Jishitha, D."]
[Black "Hari, Suresh"]
[Result "1-0"]
[WhiteElo "2140"]
[BlackElo "1735"]
[PlyCount "130"]
[EventDate "2017.12.30"]
[EventType "swiss"]
[EventRounds "9"]
[EventCountry "IND"]
[SourceTitle "CBM 182 Extra"]
[Source "ChessBase"]
[SourceDate "2018.02.23"]
[SourceVersion "1"]
[SourceVersionDate "2018.02.23"]
[SourceQuality "1"]

1. c4 e6 2. Nc3 d5 3. e3 Nf6 4. Nf3 Be7 5. b3 0-0 6. Bb2 c5 7. cxd5 exd5 8. d4 Nc6 9. Bb5 Bg4 10. dxc5 d4 11. exd4 Bxf3 12. Qxf3 Nxd4 13. Qd1 Nxb5 14. Qxd8 Raxd8 15. Nxb5 Bxc5 16. 0-0 Ne4 17. Ba3 Bxa3 18. Nxa3 Nc3 19. Rfe1 Rfe8 20. Rxe8+ Rxe8 21. Kf1 g6 22. Rc1 Nxa2 23. Rc7 Re6 24. Rxb7 Rb6 25. Rxa7 Rxb3 26. Nc4 Nc3 27. g3 Rb8 28. Ne5 Rf8 29. Kg2 Kg7 30. f4 Ne4 31. Kf3 Nf6 32. g4 h5 33. g5 Ng4 34. Nxg4 hxg4+ 35. Kxg4 Rb8 36. Ra3 Rb7 37. h4 f6 38. Kf3 fxg5 39. hxg5 Rb4 40. Ke3 Kf7 41. Ra7+ Kg8 42. Rd7 Ra4 43. Rd4 Ra6 44. Rd7 Ra4 45. Rd4 Ra6 46. Re4 Kf7 47. Rb4 Ke6 48. Ke4 Rc6 49. Rb7 Rc4+ 50. Kf3 Rc3+ 51. Kg4 Rc1 52. Rg7 Rg1+ 53. Kf3 Rf1+ 54. Kg3 Kf5 55. Rf7+ Ke4 56. Re7+ Kd4 57. Re6 Rg1+ 58. Kf2 Ra1 59. Rxg6 Ke4 60. Rf6 Ra3 61. g6 Ra2+ 62. Kg3 Ra1 63. f5 Rg1+ 64. Kf2 Rg5 65. Rf7 Kd5 1-0

[Event "Mumbai Wealth op 3rd"]
[Site "Mumbai"]
[Date "2018.01.05"]
[Round "7"]
[White "Aan, Sikka"]
[Black "Jishitha, D."]
[Result "0-1"]
[WhiteElo "1910"]
[BlackElo "2140"]
[PlyCount "97"]
[EventDate "2017.12.30"]
[EventType "swiss"]
[EventRounds "9"]
[EventCountry "IND"]
[SourceTitle "CBM 182 Extra"]
[Source "ChessBase"]
[SourceDate "2018.02.23"]
[SourceVersion "1"]
[SourceVersionDate "2018.02.23"]
[SourceQuality "1"]

1. e4 c5 2. Nf3 e6 3. d4 cxd4 4. Nxd4 Nc6 5. Nc3 Qc7 6. Be3 a6 7. a3 Nf6 8. f4 d5 9. e5 Nd7 10. Qg4 Nxd4 11. Bxd4 g6 12. Rd1 Nb6 13. Qh4 Be7 14. Qf2 Nc4 15. Nb1 b5 16. Nd2 Nxd2 17. Rxd2 Bd7 18. b4 a5 19. c3 axb4 20. axb4 Ra1+ 21. Rd1 Rxd1+ 22. Kxd1 0-0 23. Bd3 Ra8 24. Qb2 Qc8 25. Ke2 Ra4 26. Ra1 Qa8 27. Rxa4 bxa4 28. Qa3 Qb7 29. Kd2 Bb5 30. Bc5 Bxd3 31. Kxd3 Qb5+ 32. Kd2 Bxc5 33. bxc5 Qf1 34. c6 Qxf4+ 35. Kc2 Qe4+ 36. Kd1 Qd3+ 37. Ke1 Qc4 38. Qd6 a3 39. Qxa3 Qxc6 40. Kf2 Qc7 41. Qb4 Qxe5 42. g3 Qf5+ 43. Kg1 e5 44. Qc5 Qe4 45. h4 d4 46. c4 d3 47. Qc8+ Kg7 48. c5 d2 49. Qd7 0-1

[Event "Mumbai Wealth op 3rd"]
[Site "Mumbai"]
[Date "2018.01.04"]
[Round "6"]
[White "Jishitha, D."]
[Black "Lakshmi, Chidambaram"]
[Result "1-0"]
[WhiteElo "2140"]
[BlackElo "1849"]
[PlyCount "147"]
[EventDate "2017.12.30"]
[EventType "swiss"]
[EventRounds "9"]
[EventCountry "IND"]
[SourceTitle "CBM 182 Extra"]
[Source "ChessBase"]
[SourceDate "2018.02.23"]
[SourceVersion "1"]
[SourceVersionDate "2018.02.23"]
[SourceQuality "1"]

1. c4 e5 2. Nc3 Nf6 3. Nf3 Nc6 4. e3 Bb4 5. Qc2 Bxc3 6. bxc3 d6 7. e4 Bg4 8. Be2 Qd7 9. h3 Bh5 10. d3 h6 11. Be3 a6 12. g4 Bg6 13. Nh4 Nd8 14. Nf5 Ne6 15. Rg1 Rg8 16. h4 Nc5 17. Bxc5 dxc5 18. Ne3 Qc6 19. g5 hxg5 20. Rxg5 Qd6 21. 0-0-0 0-0-0 22. Rdg1 Rh8 23. Ng2 Nh5 24. Qd1 Nf4 25. Nxf4 exf4 26. h5 Bh7 27. Rxg7 Qf6 28. Qc2 f3 29. Bf1 Bg6 30. Bh3+ Kb8 31. R7xg6 fxg6 32. Rxg6 Qf4+ 33. Qd2 Qxd2+ 34. Kxd2 Rxh5 35. Bg4 Rh1 36. Bxf3 Rf1 37. Ke3 Ra1 38. e5 Re8 39. e6 Rxa2 40. Be2 a5 41. f4 a4 42. f5 a3 43. Rg1 Rb2 44. Ra1 a2 45. Bh5 Rh8 46. e7 Rb1 47. Rxa2 Re1+ 48. Re2 Rf1 49. Ke4 Kc8 50. e8Q+ Rxe8+ 51. Bxe8 Kd8 52. Bg6 c6 53. Ke5 Ke7 54. Rb2 Re1+ 55. Kf4 Rf1+ 56. Ke3 b5 57. cxb5 cxb5 58. Rxb5 Kd6 59. Rb6+ Kc7 60. Rb2 Kd6 61. Rf2 Re1+ 62. Kd2 Rg1 63. f6 Rxg6 64. f7 Re6 65. f8Q+ Kc6 66. Rf6 Rxf6 67. Qxf6+ Kd7 68. d4 c4 69. Ke3 Ke8 70. Qg7 Kd8 71. Ke4 Ke8 72. Kd5 Kd8 73. Kd6 Ke8 74. Qe7# 1-0

[Event "Mumbai Wealth op 3rd"]
[Site "Mumbai"]
[Date "2018.01.03"]
[Round "5"]
[White "Aditya, Guhagarkar"]
[Black "Jishitha, D."]
[Result "1-0"]
[WhiteElo "1791"]
[BlackElo "2140"]
[PlyCount "89"]
[EventDate "2017.12.30"]
[EventType "swiss"]
[EventRounds "9"]
[EventCountry "IND"]
[SourceTitle "CBM 182 Extra"]
[Source "ChessBase"]
[SourceDate "2018.02.23"]
[SourceVersion "1"]
[SourceVersionDate "2018.02.23"]
[SourceQuality "1"]

1. e4 c6 2. d4 d5 3. e5 Bf5 4. Nf3 e6 5. Be2 c5 6. 0-0 Nc6 7. c3 Qb6 8. dxc5 Bxc5 9. b4 Be7 10. Qa4 Kf8 11. b5 Nb8 12. Be3 Bc5 13. Bxc5+ Qxc5 14. Nbd2 Nd7 15. Nb3 Qe7 16. Qd4 g5 17. Rfd1 Nb6 18. Rac1 Kg7 19. a4 g4 20. Ne1 Rc8 21. a5 Nc4 22. Qxa7 Nxe5 23. Nd4 Nh6 24. a6 Qd7 25. Qxb7 Qxb7 26. axb7 Rc7 27. Nxf5+ Nxf5 28. Nd3 Nxd3 29. Bxd3 Nd6 30. f3 gxf3 31. gxf3 Rxb7 32. c4 dxc4 33. Bxc4 Nxc4 34. Rxc4 Rxb5 35. Rd7 Rb2 36. Rg4+ Kh6 37. Rh4+ Kg5 38. Rg4+ Kf6 39. Rf4+ Ke5 40. Re4+ Kf6 41. Rf4+ Kg6 42. Rg4+ Kh6 43. Rh4+ Kg7 44. Rg4+ Kf8 45. Rdd4 1-0

[Event "Mumbai Wealth op 3rd"]
[Site "Mumbai"]
[Date "2017.12.30"]
[Round "1"]
[White "Maghsoodloo, Parham"]
[Black "Jishitha, D."]
[Result "1-0"]
[WhiteElo "2570"]
[BlackElo "2140"]
[PlyCount "105"]
[EventDate "2017.12.30"]
[EventType "swiss"]
[EventRounds "9"]
[EventCountry "IND"]
[SourceTitle "CBM 182 Extra"]
[Source "ChessBase"]
[SourceDate "2018.02.23"]
[SourceVersion "1"]
[SourceVersionDate "2018.02.23"]
[SourceQuality "1"]

1. d4 d5 2. Bf4 c5 3. e3 cxd4 4. exd4 Nc6 5. c3 Bf5 6. Qb3 Qd7 7. Nf3 f6 8. Nbd2 e6 9. Be2 g5 10. Bg3 h5 11. h3 Na5 12. Qb5 Qxb5 13. Bxb5+ Nc6 14. 0-0 Kd7 15. b4 Bd6 16. Bxd6 Kxd6 17. Rfe1 Nge7 18. Nb3 b6 19. Nfd2 Rhc8 20. a4 a5 21. bxa5 Nxa5 22. Nxa5 Rxa5 23. c4 Raa8 24. cxd5 exd5 25. Ra3 g4 26. hxg4 hxg4 27. Nf1 Nc6 28. Ne3 Bd7 29. Rb1 Rab8 30. Bxc6 Rxc6 31. Kh2 Ra8 32. Rb5 Ra5 33. Nxd5 Rxb5 34. axb5 Kxd5 35. bxc6 Bxc6 36. Rb3 b5 37. Rb4 Bd7 38. f3 gxf3 39. gxf3 Kc6 40. Kg3 Kb6 41. Kf4 Ka5 42. Rb1 b4 43. d5 Ka4 44. Ke4 b3 45. Kd4 Kb4 46. d6 Be6 47. f4 Bd7 48. Kd5 Bf5 49. Rg1 Kb5 50. Rg8 Kb4 51. Rb8+ Kc3 52. Kc6 b2 53. d7 1-0

[Event "Wch U14 Girls"]
[Site "Montevideo"]
[Date "2017.09.26"]
[Round "11"]
[White "Ehsani, Yassamin L"]
[Black "Jishitha, D."]
[Result "0-1"]
[WhiteElo "1634"]
[BlackElo "2086"]
[PlyCount "70"]
[EventDate "2017.09.17"]
[EventType "swiss"]
[EventRounds "11"]
[EventCountry "URU"]
[SourceTitle "EXT 2018"]
[Source "ChessBase"]
[SourceDate "2017.10.13"]
[SourceVersion "1"]
[SourceVersionDate "2017.10.13"]
[SourceQuality "1"]

1. e4 c5 2. Nc3 e6 3. Nf3 a6 4. g3 d5 5. exd5 exd5 6. d4 c4 7. Bg2 Bb4 8. 0-0 Ne7 9. Ne2 b5 10. c3 Bd6 11. Bf4 0-0 12. Bxd6 Qxd6 13. Nf4 Nd7 14. Re1 Nb6 15. Nd2 Ng6 16. Nxg6 Qxg6 17. Nf1 Qd6 18. Qh5 Be6 19. Ne3 f5 20. f4 Nd7 21. Nf1 Nf6 22. Qd1 Rfe8 23. Nd2 b4 24. Nxc4 dxc4 25. Bxa8 Rxa8 26. cxb4 Ne4 27. a3 Rd8 28. Rc1 Qb6 29. Re3 Rxd4 30. Qa4 Bd7 31. Qa5 Rd1+ 32. Rxd1 Qxe3+ 33. Kg2 Qe2+ 34. Kh3 Nf2+ 35. Kg2 Ng4+ 0-1

[Event "Wch U14 Girls"]
[Site "Montevideo"]
[Date "2017.09.25"]
[Round "10"]
[White "Jishitha, D."]
[Black "Salimova, Nurgyul"]
[Result "1-0"]
[WhiteElo "2086"]
[BlackElo "2329"]
[PlyCount "73"]
[EventDate "2017.09.17"]
[EventType "swiss"]
[EventRounds "11"]
[EventCountry "URU"]
[SourceTitle "EXT 2018"]
[Source "ChessBase"]
[SourceDate "2017.10.13"]
[SourceVersion "1"]
[SourceVersionDate "2017.10.13"]
[SourceQuality "1"]

1. c4 Nf6 2. Nc3 g6 3. e4 d6 4. d4 Bg7 5. Nf3 0-0 6. Be2 Bg4 7. Be3 Nfd7 8. Qd2 c5 9. d5 Nb6 10. b3 N8d7 11. Bh6 Re8 12. h4 Bh8 13. h5 Bxf3 14. hxg6 hxg6 15. gxf3 e6 16. dxe6 Rxe6 17. Bg5 Qf8 18. 0-0-0 Qg7 19. Kc2 Qxc3+ 20. Qxc3 Bxc3 21. Kxc3 Kg7 22. Bh6+ Kf6 23. Bf1 Rh8 24. Bg5+ Kg7 25. Rxh8 Kxh8 26. Bh3 f5 27. exf5 gxf5 28. Bxf5 Re5 29. Bxd7 Rxg5 30. Rxd6 Rg2 31. Bg4 Rxf2 32. a4 Ra2 33. Rd8+ Kg7 34. Rb8 Kf6 35. Rxb7 Ke5 36. Rxa7 Kd6 37. a5 1-0

[Event "Wch U14 Girls"]
[Site "Montevideo"]
[Date "2017.09.22"]
[Round "6"]
[White "Lehaci, Miruna Daria"]
[Black "Jishitha, D."]
[Result "1-0"]
[WhiteElo "1914"]
[BlackElo "2086"]
[PlyCount "81"]
[EventDate "2017.09.17"]
[EventType "swiss"]
[EventRounds "11"]
[EventCountry "URU"]
[SourceTitle "CBM 180 Extra"]
[Source "ChessBase"]
[SourceDate "2017.10.06"]
[SourceVersion "1"]
[SourceVersionDate "2017.10.06"]
[SourceQuality "1"]

1. d4 d5 2. c4 c6 3. cxd5 cxd5 4. Nc3 Nf6 5. Bf4 Nc6 6. e3 a6 7. Rc1 b5 8. a4 bxa4 9. Bd3 e6 10. Nge2 a3 11. 0-0 axb2 12. Rb1 Bd6 13. Rxb2 0-0 14. Bxd6 Qxd6 15. f4 Ng4 16. Qd2 f5 17. Rb6 Rb8 18. Rfb1 Bd7 19. h3 Nf6 20. Bxa6 Rxb6 21. Rxb6 Rb8 22. Qb2 h6 23. Na4 Ne4 24. Nc5 Be8 25. Rxb8 Nxb8 26. Bc8 Nd7 27. Nxe4 fxe4 28. Bxd7 Bxd7 29. Nc3 g5 30. g3 h5 31. Ne2 g4 32. h4 Qa6 33. Kf2 Kf7 34. Qb8 Be8 35. Qe5 Kf8 36. Qf6+ Bf7 37. f5 Ke8 38. Qh8+ Ke7 39. f6+ Kd7 40. Qf8 Bg6 41. Qg7+ 1-0

[Event "Wch U14 Girls"]
[Site "Montevideo"]
[Date "2017.09.20"]
[Round "5"]
[White "Jishitha, D."]
[Black "Demchenko, Svitlana"]
[Result "1-0"]
[WhiteElo "2086"]
[BlackElo "1985"]
[PlyCount "61"]
[EventDate "2017.09.17"]
[EventType "swiss"]
[EventRounds "11"]
[EventCountry "URU"]
[SourceTitle "CBM 180 Extra"]
[Source "ChessBase"]
[SourceDate "2017.10.06"]
[SourceVersion "1"]
[SourceVersionDate "2017.10.06"]
[SourceQuality "1"]

1. c4 Nf6 2. Nc3 g6 3. e4 d6 4. d4 Bg7 5. Nf3 0-0 6. Be2 e5 7. d5 Nbd7 8. Bg5 a5 9. 0-0 Nc5 10. Nd2 Qd7 11. f4 Ne8 12. f5 gxf5 13. exf5 f6 14. Be3 Kh8 15. Rf3 Rg8 16. Qe1 Bf8 17. Qh4 Ng7 18. Raf1 Nxf5 19. Rxf5 Qg7 20. g4 Bxf5 21. Rxf5 Nd7 22. h3 Be7 23. Nde4 Qg6 24. Kh2 Rac8 25. Bd3 Rce8 26. Bb1 Qg7 27. Ng3 Qf7 28. Nh5 Nf8 29. Nxf6 Ng6 30. Qf2 Nf4 31. Nxg8 1-0

[Event "Mumbai Mayors Cup 10th"]
[Site "Mumbai"]
[Date "2017.06.08"]
[Round "7"]
[White "Bhakti, Kulkarni"]
[Black "Jishitha, D."]
[Result "1/2-1/2"]
[WhiteElo "2292"]
[BlackElo "1933"]
[PlyCount "92"]
[EventDate "2017.06.04"]
[EventType "swiss"]
[EventRounds "10"]
[EventCountry "IND"]
[SourceTitle "CBM 178 Extra"]
[Source "ChessBase"]
[SourceDate "2017.06.22"]
[SourceVersion "1"]
[SourceVersionDate "2017.06.22"]
[SourceQuality "1"]

1. d4 d5 2. c4 c6 3. Nf3 Nf6 4. e3 Bg4 5. h3 Bxf3 6. Qxf3 Nbd7 7. Nc3 e6 8. Bd3 Bb4 9. 0-0 0-0 10. Qd1 dxc4 11. Bxc4 e5 12. Qb3 Qb6 13. Bd2 Bd6 14. dxe5 Nxe5 15. Qxb6 axb6 16. Be2 Rfd8 17. f4 Ng6 18. Rad1 Bc5 19. Kh1 b5 20. a3 b4 21. axb4 Bxb4 22. g4 Bxc3 23. Bxc3 Nd5 24. Bd4 Re8 25. f5 Ngf4 26. Bc4 Rxe3 27. Bxe3 Nxe3 28. Ra1 Rxa1 29. Rxa1 Kf8 30. Bb3 Nxh3 31. Ra8+ Ke7 32. Ra7 Nf2+ 33. Kg1 Nfxg4 34. Rxb7+ Kd6 35. Rxf7 h5 36. Rxg7 Nxf5 37. Rg6+ Kc7 38. Rg5 Nd4 39. Bd1 Ne3 40. Bxh5 Nc4 41. b4 Ne3 42. Rc5 Kb6 43. Bg6 Nd5 44. Rxd5 cxd5 45. Bf7 Kb5 46. Bxd5 Kxb4 1/2-1/2

[Event "Mumbai Mayors Cup 10th"]
[Site "Mumbai"]
[Date "2017.06.06"]
[Round "4"]
[White "Nandhidhaa, PV."]
[Black "Jishitha, D."]
[Result "0-1"]
[WhiteElo "2252"]
[BlackElo "1933"]
[PlyCount "164"]
[EventDate "2017.06.04"]
[EventType "swiss"]
[EventRounds "10"]
[EventCountry "IND"]
[SourceTitle "CBM 178 Extra"]
[Source "ChessBase"]
[SourceDate "2017.06.22"]
[SourceVersion "1"]
[SourceVersionDate "2017.06.22"]
[SourceQuality "1"]

1. e4 c5 2. b3 g6 3. Bb2 Nf6 4. e5 Nd5 5. h4 Bg7 6. Qf3 e6 7. h5 Nc6 8. Qg3 d6 9. Nf3 dxe5 10. Na3 Nd4 11. 0-0-0 Nf4 12. Re1 Nxf3 13. Qxf3 Nxh5 14. Bxe5 Bxe5 15. Rxe5 Qd4 16. Bb5+ Kf8 17. Rhe1 Qb4 18. Kb2 Qd4+ 19. Kb1 Qb4 20. R5e4 c4 21. Kb2 Qe7 22. Bxc4 Qf6+ 23. Qxf6 Nxf6 24. Rf4 Kg7 25. Nb5 Rd8 26. Kc1 a6 27. Nc3 b5 28. Be2 Bb7 29. Bf3 Bxf3 30. Rxf3 Rac8 31. Ne4 Nd5 32. a3 Rc7 33. Kb2 Rdc8 34. c3 h6 35. d4 Rc6 36. Nc5 a5 37. a4 b4 38. c4 Nb6 39. Nb7 Nd7 40. Nxa5 Ra6 41. Nb7 Rc7 42. Nc5 Nxc5 43. dxc5 Rxc5 44. Rd1 Ra7 45. Rd6 Re5 46. Rfd3 Rb7 47. Kc2 Rf5 48. Rd2 Kf6 49. f3 h5 50. Rd7 Rxd7 51. Rxd7 Rg5 52. Rd2 Ke5 53. Kd1 Kf4 54. Ra2 Ra5 55. Ke2 Kg3 56. Kf1 f5 57. Re2 Ra6 58. Re5 g5 59. Rb5 Rd6 60. a5 h4 61. Rxb4 Rd1+ 62. Ke2 Ra1 63. Ra4 Rb1 64. a6 Rb2+ 65. Kd1 Rxg2 66. a7 h3 67. a8Q h2 68. Qb8+ f4 69. Qh8 Rg1+ 70. Ke2 h1Q 71. Qxh1 Rxh1 72. Ra5 g4 73. Rg5 Rh2+ 74. Kd3 Kxf3 75. c5 Rh8 76. b4 Kg3 77. Rg6 Rf8 78. Rxe6 f3 79. Re1 f2 80. Rc1 Kf3 81. c6 g3 82. c7 g2 0-1

[Event "Mumbai Mayors Cup 10th"]
[Site "Mumbai"]
[Date "2017.06.05"]
[Round "3"]
[White "Deepan Chakkravarthy, J."]
[Black "Jishitha, D."]
[Result "1-0"]
[WhiteElo "2480"]
[BlackElo "1933"]
[PlyCount "153"]
[EventDate "2017.06.04"]
[EventType "swiss"]
[EventRounds "10"]
[EventCountry "IND"]
[SourceTitle "CBM 178 Extra"]
[Source "ChessBase"]
[SourceDate "2017.06.22"]
[SourceVersion "1"]
[SourceVersionDate "2017.06.22"]
[SourceQuality "1"]

1. g3 c5 2. Bg2 d5 3. Nf3 Nc6 4. d4 e6 5. 0-0 cxd4 6. Nxd4 Bc5 7. Nb3 Be7 8. c4 Nf6 9. cxd5 Nxd5 10. Bd2 Bf6 11. Qc2 0-0 12. Rd1 Qe7 13. Nc3 Rd8 14. Rac1 Bd7 15. Bxd5 Nb4 16. Qe4 Nxd5 17. Nxd5 exd5 18. Qxe7 Bxe7 19. Na5 Rdc8 20. Bc3 b6 21. Nb3 Be6 22. Nd4 Bf6 23. Nb5 Bxc3 24. Rxc3 Rxc3 25. Nxc3 Rd8 26. Rd4 Rd7 27. Kg2 f5 28. h4 Kf7 29. a3 Kf6 30. Kf3 h6 31. e3 g5 32. Ke2 Ke5 33. Kd2 Kd6 34. Ra4 Kc6 35. Ne2 a5 36. Nd4+ Kd6 37. b4 axb4 38. Rxb4 Rb7 39. Nxe6 Kxe6 40. Kd3 Kd6 41. Kd4 Rb8 42. a4 Kc6 43. hxg5 hxg5 44. Ke5 Re8+ 45. Kf6 g4 46. Rf4 Rf8+ 47. Ke6 Kc5 48. Rxf5 Re8+ 49. Kd7 Re4 50. Rf4 Rc4 51. Ke6 Rc2 52. Kf5 Rc4 53. Rxg4 Kb4 54. Rg6 Kc5 55. Rg4 Kb4 56. Rg8 Kxa4 57. g4 b5 58. Ra8+ Kb3 59. g5 Kc3 60. g6 Rc7 61. Kf6 Rc6+ 62. Kg5 Rc7 63. Kh6 Rc6 64. Kh7 Rf6 65. f4 d4 66. g7 Rf7 67. Kg6 Rxg7+ 68. Kxg7 dxe3 69. Re8 Kd2 70. f5 b4 71. f6 b3 72. f7 b2 73. Rb8 Kc1 74. f8Q b1Q 75. Rxb1+ Kxb1 76. Qf1+ Kc2 77. Qe2+ 1-0

[Event "IND-ch U19 Girls 46th"]
[Site "Rajahmundry"]
[Date "2016.10.16"]
[Round "11"]
[White "Vaishali, Ramesh Babu"]
[Black "Jishitha, D."]
[Result "1/2-1/2"]
[WhiteElo "2295"]
[BlackElo "1884"]
[PlyCount "69"]
[EventDate "2016.10.08"]
[EventType "swiss"]
[EventRounds "11"]
[EventCountry "IND"]
[SourceTitle "CBM 175 Extra"]
[Source "ChessBase"]
[SourceDate "2016.12.12"]
[SourceVersion "1"]
[SourceVersionDate "2016.12.12"]
[SourceQuality "1"]

1. Nf3 c5 2. e4 e6 3. d4 cxd4 4. Nxd4 Nc6 5. Nc3 Qc7 6. Be2 a6 7. 0-0 Nf6 8. Be3 Bb4 9. Na4 Be7 10. Nxc6 bxc6 11. Nb6 Rb8 12. Nxc8 Qxc8 13. Bd4 0-0 14. e5 Nd5 15. c4 Nf4 16. Bf3 Ng6 17. Be4 d5 18. exd6 Bxd6 19. c5 Be7 20. Qa4 e5 21. Bc3 Bxc5 22. Qxc6 Qxc6 23. Bxc6 Bd4 24. Bxd4 exd4 25. b3 Rfd8 26. Rad1 Rb6 27. Be4 Nf4 28. Rd2 g6 29. g3 Re6 30. Bf3 Nh3+ 31. Kg2 Ng5 32. Rfd1 Red6 33. Rd3 a5 34. Re1 f6 35. Bb7 1/2-1/2

[Event "IND-ch U19 Girls 46th"]
[Site "Rajahmundry"]
[Date "2016.10.09"]
[Round "3"]
[White "Jishitha, D."]
[Black "Priyanka, K."]
[Result "1/2-1/2"]
[WhiteElo "1884"]
[BlackElo "2205"]
[PlyCount "69"]
[EventDate "2016.10.08"]
[EventType "swiss"]
[EventRounds "11"]
[EventCountry "IND"]
[SourceTitle "CBM 175 Extra"]
[Source "ChessBase"]
[SourceDate "2016.12.12"]
[SourceVersion "1"]
[SourceVersionDate "2016.12.12"]
[SourceQuality "1"]

1. d4 Nf6 2. c4 g6 3. g3 Bg7 4. Nc3 d6 5. Bg2 0-0 6. Nf3 a6 7. 0-0 Nc6 8. Qd3 e5 9. dxe5 dxe5 10. Qxd8 Rxd8 11. Bg5 Be6 12. Nd2 h6 13. Bxf6 Bxf6 14. Nde4 Be7 15. Nd5 Bxd5 16. cxd5 Nd4 17. e3 Nb5 18. Rac1 f5 19. a4 fxe4 20. axb5 Bd6 21. bxa6 Rxa6 22. Bxe4 g5 23. Ra1 Rda8 24. Rxa6 Rxa6 25. Kg2 Rb6 26. Rb1 Kg7 27. Bd3 Kf6 28. b3 Rb4 29. e4 Rd4 30. Rd1 Rb4 31. Rb1 Rd4 32. Rd1 Rb4 33. Rb1 Rd4 34. Rd1 Rb4 35. Rb1 1/2-1/2

[Event "IND-ch U13 Girls"]
[Site "Gujarath"]
[Date "2016.07.27"]
[Round "8"]
[White "Jyothsna, L."]
[Black "Jishitha, D."]
[Result "1/2-1/2"]
[WhiteElo "1750"]
[BlackElo "1866"]
[PlyCount "106"]
[EventDate "2016.07.22"]
[EventType "swiss"]
[EventRounds "11"]
[EventCountry "IND"]
[SourceTitle "EXT 2017"]
[Source "ChessBase"]
[SourceDate "2016.10.25"]
[SourceVersion "1"]
[SourceVersionDate "2016.10.25"]
[SourceQuality "1"]

1. d4 d5 2. c4 c6 3. cxd5 cxd5 4. Nc3 Nc6 5. Nf3 Nf6 6. Bf4 Bf5 7. e3 e6 8. Bb5 Be7 9. 0-0 0-0 10. h3 Ne4 11. Nxe4 Bxe4 12. Nd2 Bg6 13. Bxc6 bxc6 14. Nb3 Qb6 15. Rc1 Rfc8 16. Qe2 c5 17. dxc5 Bxc5 18. Nxc5 Rxc5 19. Be5 Qc6 20. Rxc5 Qxc5 21. Bc3 Rc8 22. Qd2 f6 23. f4 Qd6 24. Rd1 Bh5 25. Rf1 Bf7 26. Qf2 Bg6 27. Qg3 Qa6 28. a3 Qd3 29. Qe1 Be4 30. Rf2 Re8 31. Qe2 Qc4 32. Qxc4 dxc4 33. Rd2 Bd5 34. g4 Bc6 35. Rd4 Bb5 36. Kf2 Kf7 37. Rd6 Re7 38. e4 Rd7 39. Rxd7+ Bxd7 40. Ke3 g5 41. e5 gxf4+ 42. Kxf4 f5 43. Kg5 fxg4 44. Kxg4 Kg6 45. Bb4 Ba4 46. Be7 Bd1+ 47. Kf4 a5 48. Ke4 a4 49. h4 h5 50. Bg5 Bc2+ 51. Kd4 Bb3 52. Ke4 Bc2+ 53. Kd4 Bb3 1/2-1/2